书目信息 |
| 题名: |
高等教育法规概论
|
|
| 作者: | 顾基平 主编 | |
| 分册: | ||
| 出版信息: | 长沙 湖南师范大学出版社 2015 |
|
| 页数: | 270页 | |
| 开本: | 23cm | |
| 丛书名: | ||
| 单 册: | ||
| 中图分类: | D922.164 | |
| 科图分类: | ||
| 主题词: | 高等教育法--概论--中国--高等学校--教材 | |
| 电子资源: | ||
| ISBN: | 978-7-5648-2191-3 | |
| 000 | 00989nam0 2200277 450 | |
| 001 | 012015000101 | |
| 005 | 20151210153540.17 | |
| 010 | @a978-7-5648-2191-3@dCNY35.00 | |
| 100 | @a20151126d2015 em y0chiy50 ea | |
| 101 | 0 | @achi |
| 102 | @aCN@b430100 | |
| 105 | @ay az 000yy | |
| 106 | @ar | |
| 200 | 1 | @a高等教育法规概论@Agao deng jiao yu fa gui gai lun@f顾基平主编 |
| 210 | @a长沙@c湖南师范大学出版社@d2015 | |
| 215 | @a270页@d23cm | |
| 304 | @a湖南省高等学校师资培训中心组织编写 | |
| 312 | @a封底英文题名:Introduction to the higher education code | |
| 320 | @a有书目(第268-269页) | |
| 330 | @a本书共分为六章。主要内容包括:教育法的基本原理、高等教育制度、高等学校、高校教师、高校学生、教育法律责任和教育法律救济等。 | |
| 510 | 1 | @aIntroduction to the higher education code@zeng |
| 606 | 0 | @a高等教育法@x概论@y中国@x高等学校@j教材 |
| 690 | @aD922.164@v5 | |
| 701 | 0 | @a顾基平@Agu ji ping@4主编 |
| 801 | 0 | @aCN@b碧洲教育@c20151129 |
| 905 | @a10447@f3@dD922.164@e1273 | |
| 高等教育法规概论/顾基平主编.-长沙:湖南师范大学出版社,2015 |
| 270页;23cm |
| ISBN 978-7-5648-2191-3:CNY35.00 |
| 本书共分为六章。主要内容包括:教育法的基本原理、高等教育制度、高等学校、高校教师、高校学生、教育法律责任和教育法律救济等。 |
| ● |
| 相关链接 |
|
|
|
|
正题名:高等教育法规概论
索取号:D922.164/1273
 
预约/预借
| 序号 | 登录号 | 条形码 | 馆藏地/架位号 | 状态 | 备注 |
| 1 | 0872143 | 208721436 | 第一样本阅览室/ [索取号:D922.164/1273] | 在馆 | |
| 2 | 0872144 | 208721445 | 教育系资料室/ [索取号:D922.164/1273] | 在馆 | |
| 3 | 0872145 | 208721454 | 教育系资料室/ [索取号:D922.164/1273] | 在馆 |